书目信息 |
| 题名: |
食品着色剂手册
|
|
| 作者: | 张春红 主编 | |
| 分册: | ||
| 出版信息: | 北京 中国计量出版社 2006.04 |
|
| 页数: | 494页 | |
| 开本: | 21cm | |
| 丛书名: | 食品添加剂实用技术 | |
| 单 册: | ||
| 中图分类: | TS264.4-62 | |
| 科图分类: | ||
| 主题词: | 食用色素--手册 , 食用色素 | |
| 电子资源: | ||
| ISBN: | 7-5026-2342-6 | |
| 000 | 00845oam2 2200253 450 | |
| 001 | 003194293 | |
| 005 | 20060822100914.0 | |
| 010 | @a7-5026-2342-6@dCNY32.00 | |
| 100 | @a20100913d2006 em y0chiy0110 ea | |
| 101 | 0 | @achi |
| 102 | @aCN@b110000 | |
| 105 | @ay z 000yy | |
| 200 | 1 | @a食品着色剂手册@Ashi pin zhuo se ji shou ce@f张春红主编 |
| 210 | @a北京@c中国计量出版社@d2006.04 | |
| 215 | @a494页@d21cm | |
| 225 | 2 | @a食品添加剂实用技术 |
| 330 | @a本书分别介绍了150余种食品着色剂的特性,对其名称、别名、编号、化学结构、化学式、相对分子质量、性状、溶解性、生产方法、产品质量指标、用途等进行了讲解。 | |
| 461 | 0 | @12001 @a食品添加剂实用技术 |
| 606 | 0 | @a食用色素@j手册 |
| 606 | 0 | @a食用色素 |
| 690 | @aTS264.4-62@v5 | |
| 701 | 0 | @a张春红@Azhang chun hong@c(食品检验)@4主编 |
| 905 | @aBZT@dTS264.4-62@e1 | |
| 906 | @dCNY32.00@n0@r1 | |
| 食品着色剂手册/张春红主编.-北京:中国计量出版社,2006.04 |
| 494页;21cm.-(食品添加剂实用技术) |
| ISBN 7-5026-2342-6:CNY32.00 |
| 本书分别介绍了150余种食品着色剂的特性,对其名称、别名、编号、化学结构、化学式、相对分子质量、性状、溶解性、生产方法、产品质量指标、用途等进行了讲解。 |
| ● |
| 相关链接 |
|
|
|
正题名:食品着色剂手册
索取号:TS264.4-62/1
 
预约/预借
| 序号 | 登录号 | 条形码 | 馆藏地/架位号 | 状态 | 备注 |
| 1 | 773368 | 2000773368 | 中心书库中库/ 中库025架A面6列5层51/ [索取号:TS264.4-62/1] | 在馆 | |
| 2 | 773369 | 2000773369 | 中心书库中库/ 中库025架A面6列5层53/ [索取号:TS264.4-62/1] | 在馆 | |
| 3 | 773370 | 2000773370 | 中心书库中库/ 中库025架A面6列5层45/ [索取号:TS264.4-62/1] | 在馆 | |
| 4 | 773371 | 2000773371 | 中心书库中库/ 中库025架A面6列5层52/ [索取号:TS264.4-62/1] | 在馆 | |
| 5 | 773372 | 2000773372 | 中心书库中库/ 中库025架A面6列5层44/ [索取号:TS264.4-62/1] | 在馆 | |
| 6 | 773373 | 2000773373 | 中心书库中库/ 中库025架A面6列5层46/ [索取号:TS264.4-62/1] | 在馆 | |
| 7 | 773374 | 2000773374 | 中心书库中库/ 中库025架A面6列5层47/ [索取号:TS264.4-62/1] | 在馆 | |
| 8 | 773375 | 2000773375 | 中心书库中库/ 中库025架A面6列5层48/ [索取号:TS264.4-62/1] | 在馆 | |
| 9 | 773376 | 2000773376 | 中心书库中库/ 中库025架A面6列5层49/ [索取号:TS264.4-62/1] | 在馆 | |
| 10 | 773377 | 2000773377 | 中心书库中库/ 中库025架A面6列5层50/ [索取号:TS264.4-62/1] | 在馆 |